Salidas a la crisis rural: reforestar, educar y no poder
Guardado en:
| Formato: | Texto |
|---|---|
| Materias: | |
| Etiquetas: |
Agregar Etiqueta
Sin Etiquetas, Sea el primero en etiquetar este registro!
|
MARC
| LEADER | 00000 a a2200000 04500 | ||
|---|---|---|---|
| 001 | 7162 | ||
| 003 | |||
| 040 | |||
| 245 | |a Salidas a la crisis rural: |b reforestar, educar y no poder | ||
| 650 | |a AGRICULTURA | ||
| 650 | |a CRISIS | ||
| 650 | |a ZONAS RURALES | ||
| 650 | |a POTENCIAL DE LA TIERRA | ||
| 650 | |a POLITICA DE DESARROLLO | ||
| 773 | |g volumen 20, número 231; páginas 12-18 | ||
| 999 | |c 40219 |d 40219 | ||
